Expensas (Registro nro. 3372)

Detalles MARC
000 -LEADER
fixed length control field 01735 a2200241 4500
001 - CONTROL NUMBER
control field 41104
005 - DATE AND TIME OF LATEST TRANSACTION
control field 20260407155704.0
008 - FIXED-LENGTH DATA ELEMENTS--GENERAL INFORMATION
fixed length control field 260407a2008 arg spa d
003 - CONTROL NUMBER IDENTIFIER
control field AR-UNSa-BCEJYS
040 ## - CATALOGING SOURCE
Original cataloging agency AR-UNSa-BCEJYS
Language of cataloging spa
Transcribing agency AR-UNSa-BCEJYS
080 ## - UNIVERSAL DECIMAL CLASSIFICATION NUMBER
Universal Decimal Classification number 347.238.3
Common auxiliary subdivision Otras clases de copropiedad; p.e., propiedad horizontal
020 ## - INTERNATIONAL STANDARD BOOK NUMBER
International Standard Book Number 978-950-894-721-5
041 ## - LANGUAGE CODE
Language code of text/sound track or separate title spa
100 1# - MAIN ENTRY--PERSONAL NAME
Personal name Pettis, Christian R.
245 10 - TITLE STATEMENT
Title Expensas
264 #1 - PRODUCTION, PUBLICATION, DISTRIBUTION, MANUFACTURE, AND COPYRIGHT NOTICE
Place of production, publication, distribution, manufacture Buenos Aires :
Name of producer, publisher, distributor, manufacturer AD-HOC
Date of production, publication, distribution, manufacture, or copyright notice 2008
300 ## - PHYSICAL DESCRIPTION
Extent 203 p.
Dimensions 23 cm.
505 ## - FORMATTED CONTENTS NOTE
Formatted contents note 1. El privilegio del crédito de expensas / Christian R. Pettis – 2. Supuestos no alcanzados por la doctrina plenaria “Servicios Eficientes” / Federico J. Causse – 3. El fuero de atracción y la deuda por expensas (antes es pagar que heredar) / Santiago Berisso – 4. Exención del propietario vencedor en el prorrateo de las expensas derivadas de su condición de vencedor en el juicio contra el consorcio (indemnización y costas) / Santiago Villagrán – 5. Los intereses en el crédito por expensas comunes / Natalia Badaroux – 6. Exención del pago de las expensas y el reglamento de copropiedad y administración / C. Martín Debrabandere – 7. El pago de las expensas efectuado por un tercero / Alejandro L. Iriarte – 8. Garantía de evicción y deuda por expensas / Rodrigo Vila – 9. La excepción de pago en la ejecución de expensas. Problemática del pago mediante depósito bancario / Fabián A. Castro – 10. Enlace jurisprudencial / Nicolás Raichi y Federico Causse -
590 ## - LOCAL NOTE (RLIN)
Local note niveau_biblio:m niveau_hierar:0
700 1# - ADDED ENTRY--PERSONAL NAME
Personal name Causse, Federico J.
856 41 - ELECTRONIC LOCATION AND ACCESS
Uniform Resource Identifier <a href="https://biblioeco.unsa.edu.ar/pmb/images/libros/L126371.jpg">https://biblioeco.unsa.edu.ar/pmb/images/libros/L126371.jpg</a>
Link text Imagen de portada
Electronic format type image/jpeg
942 ## - ADDED ENTRY ELEMENTS (KOHA)
Koha item type
Existencias
Withdrawn status Lost status Damaged status Not for loan Home library Current library Shelving location Date acquired Total checkouts Full call number Barcode Date last seen Price effective from Koha item type
        Biblioteca Prof. Eusebio Cleto del Rey Biblioteca Prof. Eusebio Cleto del Rey   07/04/2026   347.238.3 C374 L126371 07/04/2026 07/04/2026 Libro